000 00366nam a2200145Ia 4500
008 150201s2004 xx 000 0 und d
082 _a616.01
_bD2004G
100 _aSHARMA,J.L.
245 2 _aA DICTIONARY OF MICRIBIOLOGY
250 _a1ST
260 _bC.B.S PUBLISHERS & DISTRIBUTERS
_aDELHI
_c2004
300 _a1-406
650 _aMICROBIOLOGY
942 _2ddc
_cBK
999 _c2976
_d2976